[Event "VII Famalicao Open 2019"]
[Site "Famalicao"]
[Date "2019.08.01"]
[Round "7.8"]
[White "Fernandes, Antonio"]
[Black "Monteiro, Jose Macedo"]
[Result "1-0"]
[WhiteElo "2376"]
[BlackElo "1851"]
[Annotator "TA"]
[PlyCount "53"]
[EventDate "2019.07.28"]
[EventType "swiss"]
[EventCountry "POR"]
[SourceTitle "playchess.com"]
[Source "ChessBase"]
[SourceQuality "1"]

{[%evp 18,53,10,-38,-35,-39,-22,-33,-28,-20,7,-33,125,121,140,146,150,110,154,159,163,106,116,111,213,199,505,510,517,506,502,510,503,514,602,584,615,598]} 1. e4 e5 2. Nf3 Nc6 3. Bb5 a6 4. Ba4 Nf6 5. O-O b5 6. Bb3 Be7 7. d4 d6 8. c3 Bg4 9. Re1 O-O 10. Qd3 Bxf3 {C91: Closed Ruy Lopez: 7...d6 8 c3 0-0 9 d4} (10... exd4 11. cxd4 Nd7 12. Qc3 Na7 13. h3 Bh5 14. Bf4 c5 15. Nbd2 Rc8 16. Qe3 Nc6 17. Rac1 Qb6 18. d5 {1-0 (54) Savchenko,B (2567)-Stefansson,H (2602) Berlin 2015}) 11. gxf3 Na5 12. f4 Nxb3 {Black is slightly better.} 13. axb3 Nd7 14. Qh3 $146 ({Predecessor:} 14. Na3 exd4 15. cxd4 c5 16. d5 Bf6 17. Nc2 Re8 18. b4 {0-1 (37) Tolush,A-Bronstein,D Riga 1958}) 14... Bf6 $2 {[#]} (14... Re8 $15) 15. dxe5 $1 $16 Be7 16. exd6 cxd6 17. Na3 Bf6 18. Nc2 Re8 19. f3 (19. b4 $18) 19... Nc5 20. b4 $36 {[%mdl 2048] White is on the roll.} Nd3 (20... Nb3 $16) 21. Rd1 $18 Qb6+ $2 {[#]} (21... Nxc1 {is a better chance.} 22. Raxc1 (22. Rdxc1 Qb6+ 23. Kg2 Rad8 $16) 22... Qb6+ 23. Kg2 Re6) 22. Be3 {White is clearly winning.} Nxf4 23. Qf1 ({Not} 23. Bxb6 Nxh3+ 24. Kh1 Be5 $16) 23... Qc7 24. Bxf4 Be5 25. Bxe5 Rxe5 26. Ne3 Rh5 27. Qf2 {Accuracy: White = 65%, Black = 17%.} 1-0

[Event "VII Famalicao Open 2019"]
[Site "Famalicao"]
[Date "2019.08.01"]
[Round "7.9"]
[White "Fernandes, Joao Pedro"]
[Black "Rego, Pedro Filipe"]
[Result "0-1"]
[WhiteElo "2080"]
[BlackElo "2249"]
[Annotator "TA"]
[PlyCount "110"]
[EventDate "2019.07.28"]
[EventType "swiss"]
[EventCountry "POR"]
[SourceTitle "playchess.com"]
[Source "ChessBase"]
[SourceQuality "1"]

{[%evp 18,110,39,34,29,19,40,16,23,-12,31,41,43,21,15,5,15,0,21,0,27,0,15,0,0,-25,-25,-54,-41,-34,-32,-41,-30,-33,-32,-38,-32,-29,-30,-54,-33,-47,-45,-44,-8,-10,-5,-68,-52,-52,-52,-54,-18,-18,-18,-18,-18,-107,-107,-119,-120,-137,-102,-152,-144,-170,-173,-164,-160,-193,-199,-199,-171,-171,-165,-158,-148,-222,-222,-237,-199,-218,-214,-510,-459,-5165,-5114,-29995,-29996,-29996,-29997,-29997,-29998,-29998,-29999]} 1. e4 c5 2. Nf3 Nc6 3. d4 cxd4 4. Nxd4 g6 5. c4 Nf6 6. Nc3 d6 7. Be2 Nxd4 8. Qxd4 Bg7 9. O-O O-O 10. Bg5 Be6 {B36: Sicilian: Maroczy Bind: Gurgenidze System} 11. Qd2 Re8 (11... Qa5 12. Rac1 a6 13. Rfd1 Rfc8 14. Bxf6 Bxf6 15. Nd5 Qxd2 16. Nxf6+ Kg7 17. Nh5+ gxh5 18. Rxd2 b5 19. Rdc2 h4 20. f4 Ra7 21. Rc3 b4 22. Re3 {0-1 (58) Forcen Esteban,D (2569)-Jones,G (2666) Linares 2018}) 12. Rad1 $146 ({Predecessor:} 12. f3 a5 13. b3 Nd7 14. Rab1 Qb6+ 15. Be3 Qb4 16. Rfc1 Nc5 17. a3 Qxa3 18. Nb5 Qb4 {1-0 (37) Pile,R (2414)-Debray,C (2360) Cannes 2018}) 12... Qa5 {The position is equal.} 13. f3 Nd7 (13... Bxc4 $5 14. Bxc4 Qc5+ {[%mdl 64] Double Attack} 15. Kh1 Qxc4 $11) 14. Nd5 Qxd2 15. Rxd2 {Strongly threatening Nc7.} Bxd5 16. exd5 Rac8 17. b3 Rc7 18. Be3 a6 19. Bd4 Rb8 20. Bxg7 Kxg7 21. Re1 b5 22. f4 bxc4 23. Bxc4 Nc5 24. Rde2 Kf8 25. Re3 a5 26. Rh3 Kg7 27. Rhe3 Rbb7 28. g4 a4 29. g5 axb3 30. axb3 Na4 31. Ba6 Rb6 32. bxa4 (32. Bc4 $11) 32... Rxa6 $11 {[%mdl 4096] Endgame KRR-KRR} 33. Re4 Rc2 34. Ra1 Rd2 35. Rxe7 Rd4 36. a5 Rxd5 37. Rd7 {[#]} (37. Kg2 $11 {remains equal.}) 37... Rd4 $1 $17 ({Much weaker is} 37... Rdxa5 $6 38. Rxa5 Rxa5 39. Rxd6 $11) 38. Kg2 Rxf4 39. Kg3 Rf5 {[%mdl 64] Double Attack} 40. Kg4 Kf8 ({Don't take} 40... Rfxa5 41. Rf1 $17) 41. h4 Ke8 ({Much less strong is} 41... Rfxa5 42. Rxa5 Rxa5 43. Rxd6 $15) 42. Rb7 Raxa5 43. Rc1 {[%cal Rc1c8] [#]} Rfc5 44. Re1+ Re5 45. Rc1 {[%cal Rc1c8]} Ra4+ 46. Kg3 {[%cal Rc1c8]} Ra3+ 47. Kf4 (47. Kg2 $17 Rc5 48. Rxc5 dxc5 49. Rc7) 47... Rf5+ $19 48. Kg4 {[%cal Rc1c8]} Rc5 49. Re1+ Kf8 50. Rb8+ $2 (50. Rb4) 50... Kg7 51. Re4 (51. Kf4 $142 Rf5+ 52. Kg4) 51... Rcc3 {( -> ...Rg3+)} 52. h5 Rg3+ {Black mates.} 53. Kh4 Rh3+ 54. Kg4 Rag3+ 55. Kf4 Rf3+ 0-1

[Event "VII Famalicao Open 2019"]
[Site "Famalicao"]
[Date "2019.08.02"]
[Round "7.10"]
[White "Pinheiro, Albano"]
[Black "Pinho, Paulo"]
[Result "0-1"]
[WhiteElo "1989"]
[BlackElo "2200"]
[Annotator "TA"]
[PlyCount "138"]
[EventDate "2019.07.28"]
[EventType "swiss"]
[EventCountry "POR"]
[SourceTitle "playchess.com"]
[Source "ChessBase"]
[SourceQuality "1"]

{[%evp 21,138,-7,-1,-24,0,0,0,-8,-5,-5,-1,-26,0,-40,-39,-39,-28,-33,0,4,0,0,0,0,0,0,0,0,0,0,0,0,4,0,0,-8,0,-7,0,-14,0,-11,0,0,0,-13,-16,-56,-38,-62,-54,-63,-41,-52,-64,-63,-11,-125,-25,-26,-26,-41,0,-39,-32,-39,-26,-29,-11,0,0,0,0,-30,-52,-35,-36,-48,0,0,44,0,0,-14,-14,-29,59,0,0,-247,-317,-275,-282,-315,-318,-283,-299,-310,-268,-280,-268,-313,-251,-800,-770,-806,-789,-685,-627,-1466,-968,-838,-804,-563,-356,-29962,-29963,-12841,-8981]} 1. e4 c5 2. Nf3 e6 3. c3 d5 4. exd5 Qxd5 5. d4 Nf6 6. Na3 Nc6 7. Be2 Qd8 8. Nc2 Be7 9. O-O O-O 10. dxc5 Bxc5 11. Qxd8 Rxd8 12. Bf4 $146 {B22: Sicilian: 2 c3} ({Predecessor:} 12. Be3 Bxe3 13. Nxe3 {½-½ (13) Degraeve,J (2523)-Sokolov,A (2561) St Chely d'Aubrac 2008}) 12... b6 13. Rad1 Bb7 14. Bc7 {The position is equal.} Rxd1 15. Rxd1 Ne4 16. Bg3 Ne7 17. Ne5 Nf5 18. Kf1 Nfxg3+ 19. fxg3 Nf6 (19... f6 {is interesting.} 20. Nc4 Rc8 21. N4e3 Rc7 22. Nd4 Kf7) 20. Bf3 Bd5 21. Bxd5 exd5 22. Nf3 Re8 23. Re1 Ne4 24. Rd1 Nf6 25. Re1 Rd8 26. Ncd4 g6 27. Rd1 Re8 28. Nc2 h5 29. Re1 Rd8 30. Ncd4 Ne4 31. Rd1 a5 32. Nc6 Rc8 33. Ncd4 a4 34. a3 Nd6 35. Re1 Nc4 36. Re2 Kf8 (36... Bxd4 $5 37. cxd4 Nd6 $15) 37. Ne5 Bxd4 38. cxd4 $15 {[%mdl 4096] Endgame KRN-KRN} Rc7 (38... Nxe5 $15 39. Rxe5 Rc1+ 40. Kf2 Rd1 41. Rxd5 Rd2+ {[%mdl 64] Double Attack} 42. Kf3 Rxb2 43. Rd8+ Kg7) 39. Ke1 {[#]} (39. Nd3 $1 $11) 39... Nd6 (39... Nxe5 $1 $17 40. dxe5 Ke7) 40. Kd2 $11 Kg7 41. Kd3 Rc1 (41... f6 $5 42. Nf3 $8 b5 $11) 42. Rc2 Rd1+ 43. Rd2 Rh1 44. Nf3 Nc4 45. Rc2 f6 46. Kc3 g5 47. h3 g4 48. hxg4 hxg4 49. Nh4 Rd1 {And now ...Nd6 would win.} 50. Nf5+ Kf7 51. Nh6+ Ke6 52. Nxg4 Nd6 53. Nf2 Re1 (53... Ne4+ $11 54. Kb4 Rxd4+ 55. Kb5 Nxg3) 54. Kd3 ({White should play} 54. Kb4 $14) 54... Nc4 {[%csl Gc4][%cal Re1e3]} 55. Re2+ $2 (55. Kc3 $1 $11) 55... Rxe2 $19 56. Kxe2 Nxb2 {KN-KN} 57. Kd2 Nc4+ {[%mdl 64] [#] Double Attack} 58. Kc3 Nxa3 59. Kb4 Nc2+ {[%mdl 64] Double Attack} 60. Kxa4 {intending Kb5.} Nxd4 61. Nd3 Kf5 62. Nf4 $2 (62. Nf2) 62... Ke4 63. Kb4 Nf5 64. Nh5 Ke5 65. Kb5 d4 66. Kc4 b5+ {[%cal Bb6b5,Bb5b4,Bb4b3][%mdl 32]} 67. Kd3 b4 {Strongly threatening ...b3.} 68. g4 $2 (68. Kc4 $19) 68... Ne3 69. Ng3 b3 {Accuracy: White = 39%, Black = 50%.} 0-1

[Event "VII Famalicao Open 2019"]
[Site "Famalicao"]
[Date "2019.08.01"]
[Round "7.11"]
[White "Rodrigues, Afonso"]
[Black "Martins, Diogo Faria Oliveira"]
[Result "1-0"]
[WhiteElo "2134"]
[BlackElo "1984"]
[Annotator "TA"]
[PlyCount "89"]
[EventDate "2019.07.28"]
[EventType "swiss"]
[EventCountry "POR"]
[SourceTitle "playchess.com"]
[Source "ChessBase"]
[SourceQuality "1"]

{[%evp 16,101,28,32,29,3,2,-4,22,23,15,25,21,0,0,0,12,17,45,35,37,16,33,28,57,64,152,158,147,150,155,160,166,160,160,131,143,118,111,104,143,85,97,78,119,58,116,66,166,0,7,0,0,0,2,8,17,0,9,0,11,0,0,0,66,0,0,0,29968,29960,29951,29951,5177,986,809,501,29981,29975,29971,29971,29986,29985,29995,29984,29984,29985,29986,29984]} 1. d4 Nf6 2. Bf4 g6 3. e3 Bg7 4. Nf3 d6 5. h3 O-O 6. Be2 c5 7. c3 cxd4 8. exd4 Be6 9. O-O Qb6 {A48: 1 d4 Nf6 2 Nf3 g6: Torre, London and Colle Systems} 10. b3 (10. Qd2 Nbd7 11. Re1 Rfe8 12. a4 a6 13. a5 Qc6 14. Na3 Rac8 15. Ng5 Nf8 16. Nxe6 Nxe6 17. Bh2 {½-½ (53) Nikolov,S (2358)-Grigoriants,S (2574) Skopje 2014}) 10... Nc6 11. Be3 $146 {Threatens to win with d5!} ({Predecessor:} 11. Nbd2 Nd5 12. Nc4 Qc7 13. Bd2 Bd7 14. Ne3 Nf4 15. Nc2 Nxe2+ 16. Qxe2 Rfe8 17. d5 {½-½ (26) Baloire,E (1961)-Serrajotto,M (1866) Arvier 2013}) 11... d5 {The position is equal.} 12. Nbd2 Qc7 13. Rc1 Rfd8 14. Ng5 Bc8 15. f4 h6 16. Ngf3 Bf5 17. Ne5 Ne4 {[%cal Rc6e5]} 18. Nxe4 Bxe4 19. Bd3 Nxe5 20. fxe5 f5 (20... Bxd3 $14 21. Qxd3 Rac8) 21. exf6 $1 $16 exf6 {[#] Black wants to play ...Qg3!} 22. Bxe4 $1 dxe4 23. Qg4 $1 {[%csl LRe4,LRg6][%mdl 64] Double Attack} Kh7 24. Qxe4 f5 25. Qf3 Rd7 26. Bf4 Qa5 27. Qe2 Rc8 28. b4 ({Better is} 28. Rfe1) 28... Qd5 29. Kh1 Bf6 {[#]} 30. Rfe1 (30. c4 $1 $16 {[%cal Rc4d5]} Qe4 31. Qxe4 fxe4 32. d5) 30... Re7 (30... Bh4 $14) 31. Qd2 Rce8 (31... Rxe1+ $1 $14 32. Qxe1 g5) 32. Bg3 $2 ({White should play} 32. Rxe7+ $18 Rxe7 33. Bxh6) 32... Bg5 $11 33. Rxe7+ Rxe7 34. Bf4 Bxf4 35. Qxf4 Qxa2 {[%mdl 4096] Endgame KQR-KQR} 36. Qf3 Qd2 37. Rd1 Qc2 38. d5 Re3 39. Qf1 Qe4 ({Wrong is} 39... Qxc3 $2 40. d6 $18) (39... f4 $11) 40. Kg1 (40. Kh2 $1 $14 Qe5+ 41. Kg1 Rxc3 42. d6) 40... Rxc3 41. d6 {Strongly threatening d7.} Qxb4 $2 {[%mdl 8192]} (41... Rc8 $11) 42. d7 Qb6+ 43. Qf2 Qd8 44. Qxa7 (44. Qa2 $142 h5 45. Qf7+ Kh6 46. Qe8) 44... Rc7 $18 45. Qd4 {Played: Qa7-b6} 1-0

[Event "VII Famalicao Open 2019"]
[Site "Famalicao"]
[Date "2019.08.01"]
[Round "7.12"]
[White "Dias, Ivo"]
[Black "Ribeiro, Orlando"]
[Result "1-0"]
[WhiteElo "2121"]
[BlackElo "1603"]
[Annotator "TA"]
[PlyCount "119"]
[EventDate "2019.07.28"]
[EventType "swiss"]
[EventCountry "POR"]
[SourceTitle "playchess.com"]
[Source "ChessBase"]
[SourceQuality "1"]

{[%evp 17,119,38,51,42,44,-25,-18,-33,-29,-31,-20,-20,-21,-58,20,0,0,0,0,0,0,-12,-5,-38,-35,-38,-38,-38,-36,-35,-28,-43,-40,-41,-30,-26,-22,-29,-33,-46,0,0,33,-17,-15,-15,-12,-14,-8,-16,6,0,26,9,13,5,54,21,72,0,24,24,57,50,51,40,76,20,14,0,0,0,18,0,3,0,-2,-28,51,-14,0,-77,-29,-51,0,0,11,0,0,0,0,0,0,0,14,14,14,14,66,62,145,90,1079,1118]} 1. Nf3 g6 2. d4 Bg7 3. c4 Nf6 4. g3 O-O 5. Bg2 c6 6. O-O d5 7. Qb3 Nbd7 8. Nc3 Nb6 9. cxd5 cxd5 10. Bf4 {D78: Fianchetto Grünfeld: 6 0-0 c6} (10. Ne5 Be6 11. Nd3 Ne4 12. Nf4 Nxc3 13. bxc3 Qd7 14. e4 dxe4 15. Nxe6 Qxe6 16. Qxe6 fxe6 17. Bh3 e5 {1-0 (60) Teterev,V (2487)-Borsuk,Y (2280) Minsk 2017}) 10... Nh5 11. Be5 (11. Be3 $14) 11... f6 $11 12. Bf4 $1 {The position is equal.} Nxf4 13. gxf4 Kh8 14. Rfc1 $146 ({Predecessor:} 14. Rac1 Bd7 15. e3 Bc6 16. Qc2 Qd7 17. b3 Bh6 {1-0 (41) Friesen,V (2063)-Richardt,M (1963) Germany 2014}) 14... e6 15. Nd2 Qd6 (15... Bh6 $15) 16. e3 Rf7 17. a4 {Strongly threatening Nb5.} a5 $1 18. Nb5 Qd8 19. Qc3 Bf8 20. b3 Bb4 21. Qd3 Bd7 22. Nf3 Bc6 23. Nc3 Qe7 24. Ne2 Nc8 25. Ne1 Qf8 26. Qd1 Ne7 27. Nd3 Bd6 28. Nc5 Bxc5 29. Rxc5 Nf5 30. Qd2 Qd8 31. Rac1 Qb6 32. Qc3 Nd6 33. Ng3 h5 34. Qc2 Kg7 35. Nf1 Rd7 36. Nd2 Ne8 37. Nf3 Nd6 38. Ne1 (38. Nh4 $16 Nf5 39. Nxf5+ gxf5 40. h4) 38... Ne8 39. Nd3 Nc7 40. Rc3 Na6 41. Qb1 Nb4 42. Ne1 (42. Nxb4 $16 Qxb4 43. Qc2) 42... Kh6 43. Nf3 Rg8 44. Kh1 Rdg7 45. Rg1 Be8 46. Bh3 Qd6 47. Rc5 Na6 (47... Rf8 $11) 48. Rcc1 (48. Rxa5 $14 Rc7 49. b4) 48... Nb4 49. Ne1 (49. Rc5 $11 {keeps the balance.}) 49... b6 50. Qb2 Bc6 (50... g5 $15) 51. Qd2 Bd7 52. Nf3 Rc8 53. Rxc8 Bxc8 54. Bf1 Bb7 55. Bd3 Ba6 56. Bb1 Nc6 57. Qc2 {[%cal Rg1g6]} f5 (57... Ne7 $1 $11) 58. Qd1 Ne7 {[#]} ({Better is} 58... Nb4 $14) 59. Ne5 ({White should play} 59. Bd3 $1 {[%cal Rd3a6]} Bxd3 60. Qxd3) 59... Nc6 $2 {[%mdl 8192] [#]} (59... Qc7 $16) 60. Rxg6+ $1 {[%mdl 512] Accuracy: White = 35%, Black = 52%.} 1-0

[Event "VII Famalicao Open 2019"]
[Site "Famalicao"]
[Date "2019.08.01"]
[Round "7.13"]
[White "Guimaraes, Alvaro"]
[Black "Fernandes, Miguel"]
[Result "1/2-1/2"]
[WhiteElo "1796"]
[BlackElo "2118"]
[Annotator "TA"]
[PlyCount "94"]
[EventDate "2019.07.28"]
[EventType "swiss"]
[EventCountry "POR"]
[SourceTitle "playchess.com"]
[Source "ChessBase"]
[SourceQuality "1"]

{[%evp 9,94,12,25,21,15,-10,-10,-12,-24,-76,-70,-114,-31,-315,-369,-342,-366,-328,-163,-512,-482,-520,-450,-759,-736,-670,-280,-268,-280,-286,-269,-278,-268,-260,-200,-251,-183,-233,-230,-403,-247,-231,-135,-181,-189,-356,-351,-338,-125,-139,-134,-140,-74,-66,-60,-63,-90,-222,-214,-197,-195,-318,-302,-381,-361,-518,-529,-533,-528,-516,-503,-494,-466,-449,-412,-404,-227,-233,-225,-220,0,0,0,0,0,0,0]} 1. g3 e5 2. Bg2 Nc6 3. c4 Bc5 4. Nc3 d6 5. e3 a6 6. Nge2 {A25: English Opening vs King's Indian with ...Nc6 but without early d3} Ba7 7. O-O h5 8. d4 h4 9. Re1 $146 (9. b4 $11) ({Predecessor:} 9. dxe5 Nxe5 10. Nf4 hxg3 11. hxg3 Qg5 12. Ncd5 Qh6 13. Re1 {1-0 (38) Inarkiev,E (2682)-Anton Guijarro,D (2631) Dubai 2014}) 9... hxg3 $17 10. hxg3 Bh3 (10... Qg5 $1 $17 {aiming for ...Qh6.} 11. Nd5 Qh6 12. dxe5 (12. Nxc7+ Kd8 $17) 12... Qh2+ 13. Kf1 Bh3 14. Nxc7+ {[%mdl 64] Double Attack} Kf8) 11. Qa4 $2 {[%mdl 8192]} (11. d5 $15 Nce7 12. Bxh3 Rxh3 13. Kg2) 11... Bxg2 $19 12. Kxg2 Qd7 ({Not} 12... exd4 13. Nxd4 Nge7 14. Nxc6 $15) 13. Ng1 Nf6 (13... Qf5 $142 {Hoping for ...Nf6.} 14. d5 {[%mdl 64] Pin} Ke7) 14. b4 $2 (14. d5 {is tougher.} Ne7 15. Qxd7+ Kxd7 16. Bd2) 14... Ng4 15. Re2 Kf8 16. c5 (16. f3 $142 exd4 17. b5) 16... Qf5 17. Qc2 Qxc2 (17... Qh5 $142 {( -> ...Qh1+)} 18. Kf1 exd4) 18. Rxc2 exd4 19. exd4 Nxd4 20. Rd2 dxc5 21. bxc5 Bxc5 22. Ne4 Bb6 23. Ba3+ Kg8 24. Rad1 $2 (24. Nf3 Nxf3 25. Kxf3 Ne5+ 26. Kg2) 24... Ne6 25. Nf3 {[#]} f5 ({Black should play} 25... Bxf2 $1 $19 {[%mdl 512]} 26. Nxf2 (26. Rxf2 Ne3+) 26... Ne3+ {[%mdl 64] Double Attack} 27. Kg1 Nxd1 28. Rxd1 Rd8) 26. Neg5 Nxg5 $1 27. Nxg5 $2 (27. Rd8+ Kf7 28. Rxa8 Rxa8 29. Nxg5+ Kg6 30. Nh3) 27... Rh2+ 28. Kf3 {Rd8+ would kill now.} Rxf2+ (28... Re8 $19 {is more deadly.} 29. Re2 Rxf2+ 30. Rxf2 Bxf2) 29. Rxf2 $17 Nxf2 30. Rd7 {[#] Strongly threatening Bb2.} Ng4 (30... Ne4 $142 $1 {[%cal Re4g5]} 31. Ne6 (31. Nxe4 fxe4+) 31... Re8 32. Rxg7+ Kh8) 31. Bb2 Nf6 32. Bxf6 $1 gxf6 $15 {[%mdl 4096] Endgame KRB-KRN} 33. Nf7 (33. Ne6 $17) 33... Kg7 $19 34. Nd8+ Kg6 35. Kf4 (35. Ne6 {keeps fighting.}) 35... c5 36. Ne6 Re8 37. Rd6 (37. Nc7 {might work better.} Rd8 38. Re7) 37... Ba7 {Threatens to win with ...Bb8!} 38. Kf3 c4 39. Nf4+ Kf7 40. Nd5 {[#]} c3 $1 41. Rxf6+ (41. Nxc3 Re3+) 41... Kg7 {...c2 is the strong threat.} 42. Rd6 {If White can now play Rd7+ this consolidates a bit.} c2 (42... Kf8 $142 {And now ...c2 would win.} 43. Rf6+ Kg7) 43. Rd7+ Kh6 44. Rd6+ {[#]} Kg5 $2 (44... Kh7 $1 $19 45. Rd7+ Kh6 46. Rd6+ Kh7 47. Rd7+ Kh6) 45. Nf4 $1 $11 {[%csl Gf4][%cal Rd6g6] The position is equal.} Rg8 46. Nh3+ Kh5 47. Nf4+ Kg5 {Accuracy: White = 38%, Black = 46%.} 1/2-1/2

[Event "VII Famalicao Open 2019"]
[Site "Famalicao"]
[Date "2019.08.01"]
[Round "7.14"]
[White "Garijo Perez, Hugo"]
[Black "Forgas Moreno, Yaniela"]
[Result "1-0"]
[WhiteElo "1648"]
[BlackElo "2272"]
[Annotator "RC"]
[PlyCount "112"]
[EventDate "2019.07.28"]
[EventType "swiss"]
[EventCountry "POR"]
[SourceTitle "playchess.com"]
[Source "ChessBase"]
[SourceQuality "1"]
[TimeControl "5400+30"]

1. e4 {[%emt 0:01:54]} c5 {[%emt 0:01:43]} 2. Nf3 {[%emt 0:00:07]} d6 {[%emt 0:00:06]} 3. d4 {[%emt 0:00:09]} cxd4 {[%emt 0:00:06]} 4. Nxd4 {[%emt 0:00:06]} Nf6 {[%emt 0:00:05]} 5. Nc3 {[%emt 0:00:06]} a6 {[%emt 0:00:04]} 6. Rg1 {[%emt 0:00:05]} e5 {[%emt 0:05:16]} 7. Nb3 {[%emt 0:00:08]} Be6 {[%emt 0:00:15]} 8. g4 {[%emt 0:01:25]} d5 {[%emt 0:00:07]} 9. g5 {[%emt 0:03:19]} Nxe4 {[%emt 0:00:37]} 10. Nxe4 {[%emt 0:00:06]} dxe4 {[%emt 0:00:27]} 11. Qxd8+ {[%emt 0:00:08]} Kxd8 {[%emt 0:00:03]} 12. Bg2 {[%emt 0:00:07]} Bf5 {[%emt 0:01:01]} 13. Be3 {[%emt 0:02:16]} Kc7 {[%emt 0:00:30]} 14. Nd2 {[%emt 0:01:21]} Nc6 {[%emt 0:02:03]} 15. c3 {[%emt 0:03:22]} Ne7 {[%emt 0:07:52]} 16. Bxe4 {[%emt 0:02:02]} Bxe4 {[%emt 0:00:11]} 17. Nxe4 {[%emt 0:00:19]} Nd5 {[%emt 0:00:06]} 18. O-O-O {[%emt 0:00:36]} Kc6 {[%emt 0:06:59]} 19. Rd2 {[%emt 0:05:08]} Be7 {[%emt 0:03:55]} 20. c4 {[%emt 0:04:39]} Nc7 {[%emt 0:04:14]} 21. Rgd1 {[%emt 0:02:20]} Rad8 {[%emt 0:02:13]} 22. Rxd8 {[%emt 0:01:13]} Rxd8 {[%emt 0:01:09]} 23. Rxd8 {[%emt 0:00:22]} Bxd8 {[%emt 0:00:05]} 24. Kc2 {[%emt 0:03:20]} Ne6 {[%emt 0:00:50]} 25. Kd3 {[%emt 0:01:15]} Be7 {[%emt 0:01:00]} 26. a3 {[%emt 0:02:41]} a5 {[%emt 0:02:46]} 27. Kc3 {[%emt 0:06:57]} f5 {[%emt 0:04:18]} 28. gxf6 {[%emt 0:00:26]} gxf6 {[%emt 0:00:06]} 29. Ng3 {[%emt 0:00:44]} a4 {[%emt 0:00:41]} 30. f3 {[%emt 0:06:17]} Bf8 {[%emt 0:06:10]} 31. h4 {[%emt 0:03:21]} Nd8 {[%emt 0:04:03]} 32. h5 {[%emt 0:06:27]} Nf7 {[%emt 0:00:25]} 33. Kd3 {[%emt 0:06:08]} Nd6 {[%emt 0:22:52]} 34. c5 {[%emt 0:12:44]} Nb5 {[%emt 0:00:29]} 35. Kc4 {[%emt 0:00:23]} Nc7 {[%emt 0:00:06]} 36. Ne4 {[%emt 0:01:21]} Nd5 {[%emt 0:00:08]} 37. Bf2 {[%emt 0:01:03]} Bh6 {[%emt 0:04:12]} 38. Nc3 {[%emt 0:04:45]} Nxc3 {[%emt 0:00:21]} 39. Kxc3 {[%emt 0:00:13]} Kd5 {[%emt 0:00:34]} 40. Kb4 {[%emt 0:02:07]} Bc1 {[%emt 0:01:36]} 41. Kc3 {[%emt 0:01:07]} f5 {[%emt 0:00:30]} 42. Kc2 {[%emt 0:00:27]} Bg5 {[%emt 0:00:37]} 43. b4 {[%emt 0:01:39]} axb3+ {[%emt 0:05:32]} 44. Kxb3 {[%emt 0:00:10]} Be7 {[%emt 0:00:37]} 45. Kb4 {[%emt 0:01:53]} Kc6 {[%emt 0:07:41]} 46. Kc4 {[%emt 0:01:26]} Bg5 {[%emt 0:00:32]} 47. Bg3 {[%emt 0:04:05]} e4 {[%emt 0:00:38]} 48. f4 {[%emt 0:01:53]} Bf6 {[%emt 0:00:16]} 49. Bf2 {[%emt 0:00:22]} Bb2 {[%emt 0:00:32]} 50. Be3 {[%emt 0:00:17]} Bxa3 {[%emt 0:00:11]} 51. h6 {[%emt 0:02:21]} Bb2 {[%emt 0:00:19]} 52. Kb3 {[%emt 0:02:30]} Bf6 {[%emt 0:00:11]} 53. Kc4 {[%emt 0:00:06]} Be7 {[%emt 0:00:16]} 54. Bd2 {[%emt 0:02:52]} Bxc5 {[%emt 0:00:17]} 55. Be1 {[%emt 0:00:16]} b5+ {[%emt 0:00:14]} 56. Kb3 {[%emt 0:00:06]} Bf8 {[%emt 0:00:14]} 1-0

[Event "VII Famalicao Open 2019"]
[Site "Famalicao"]
[Date "2019.08.02"]
[Round "8.1"]
[White "Grigoryan, Karen H."]
[Black "Vassallo Barroche, Mauricio"]
[Result "1-0"]
[WhiteElo "2549"]
[BlackElo "2380"]
[Annotator "TA"]
[PlyCount "53"]
[EventDate "2019.07.28"]
[EventType "swiss"]
[EventCountry "POR"]
[SourceTitle "playchess.com"]
[Source "ChessBase"]
[SourceQuality "1"]

{[%evp 12,53,28,27,30,37,47,40,32,28,25,11,9,13,13,15,2,13,18,10,12,12,14,12,18,12,13,30,16,4,12,17,18,17,29,28,72,59,87,92,89,98,151,125]} 1. e4 $146 ({Predecessor:} 1. d4 d6 2. e4 Nf6 {0-1 (27) Morozov,N (2452)-Van Foreest,J (2624) Batumi 2018}) 1... d6 2. Nc3 Nf6 3. d4 e5 4. Nf3 Nbd7 {[%cal Bb8d7,Bd7e5,Be5c6,Bc6b4][%mdl 32]} 5. Bc4 Be7 6. O-O O-O 7. a4 exd4 {C41: Philidor Defence} 8. Nxd4 Ne5 9. Ba2 Nc6 {White is slightly better.} 10. h3 Nb4 11. Bb3 c5 12. Nf3 Be6 13. Bxe6 fxe6 14. e5 dxe5 15. Qe2 Nc6 16. Nxe5 Nd4 17. Qd3 Nd5 18. Be3 Nxc3 (18... Bf6 {feels hotter.} 19. Ng4 Nb4 20. Qe4 Nbxc2 21. Rac1 Nb4) 19. bxc3 Nf5 $1 20. Bf4 (20. Qe2 {is more complex.} Qd5 21. Bd2 Nh4 22. f3 Bd6 23. Nc4) 20... Qxd3 21. Nxd3 b6 22. Rfe1 Bf6 23. Be5 Rac8 24. a5 b5 25. Bxf6 Rxf6 26. Re5 c4 (26... Nd6 $142) 27. Nb4 {Accuracy: White = 87%, Black = 73%.} 1-0